All ScHoolboy Q Songs - Statistics

General Stats
  • This quiz has been taken 81 times
    40 since last reset
  • The average score is 51 of 138
Answer Stats
Album Song % Correct
Oxymoron F**k LA
90%
Oxymoron Collard Greens
87%
Habits & Contradictions N***ahs.already.know.davers.flow
77%
Oxymoron Man of the Year
73%
Oxymoron Studio
73%
BLUE LIPS THank god 4 me
73%
BLUE LIPS Yeern 101
73%
CrasH Talk Numb Numb Juice
70%
Oxymoron Break tHe Bank
67%
Oxymoron Gangsta
67%
Blank Face LP THat Part
67%
BLUE LIPS Blueslides
63%
BLUE LIPS oHio
60%
Blank Face LP Blank Face
57%
Blank Face LP John Muir
57%
BLUE LIPS Pop
57%
Oxymoron Prescription / Oxymoron
57%
BLUE LIPS Foux
53%
Blank Face LP Groovy Tony / Eddie Kane
53%
Oxymoron Hell of a NigHt
53%
Oxymoron Los Awesome
53%
Oxymoron The Purge
53%
Black Panther: The Album X
53%
BLUE LIPS Back n Love
50%
CrasH Talk Chopstix
50%
CrasH Talk Crash
50%
BLUE LIPS Funny Guy
50%
Habits & Contradictions Hands on tHe Wheel
50%
BLUE LIPS Smile
50%
Oxymoron Blind Threats
47%
Setbacks Druggys Wit Hoes
47%
CrasH Talk Floating
47%
Oxymoron Hoover Street
47%
Blank Face LP Neva Change
47%
Blank Face LP Ride Out
47%
Blank Face LP Torch
47%
Oxymoron WHat THey Want
47%
BLUE LIPS Cooties
43%
BLUE LIPS Germany '86
43%
Habits & Contradictions Grooveline Pt. 1
43%
Blank Face LP Lord Have Mercy
43%
BLUE LIPS Love Birds
43%
Blank Face LP Overtime
43%
Blank Face LP Str8 Ballin'
43%
CrasH Talk Tales
43%
Habits & Contradictions Tookie Knows (Interlude)
43%
CrasH Talk Water
43%
Setbacks Birds & The Beez
40%
Blank Face LP Black Thoughts
40%
Habits & Contradictions Blessed
40%
CrasH Talk Dangerous
40%
Blank Face LP Dope Dealer
40%
Habits & Contradictions Druggys wit Hoes Again
40%
Oxymoron Grooveline Pt. 2
40%
Blank Face LP Kno Ya Wrong
40%
CrasH Talk Lies
40%
BLUE LIPS Lost Times
40%
BLUE LIPS Pig feet
40%
Habits & Contradictions Sex Drive
40%
Habits & Contradictions There He Go
40%
Blank Face LP Tookie Knows II
40%
Blank Face LP Whateva U Want
40%
Habits & Contradictions 2 Raw
37%
CrasH Talk 5200
37%
CrasH Talk Attention
37%
CrasH Talk Black Folk
37%
Blank Face LP By Any Means
37%
CrasH Talk Drunk
37%
BLUE LIPS First
37%
CrasH Talk Gang Gang
37%
BLUE LIPS Movie
37%
Blank Face LP Big Body
33%
Oxymoron His & Her Friend
33%
Setbacks Kamikaze
33%
Setbacks LigHt Years Ahead (Sky High)
33%
Habits & Contradictions My Hatin' Joint
33%
BLUE LIPS Nunu
33%
Habits & Contradictions Oxy Music
33%
BLUE LIPS Time killers
33%
Setbacks Cycle
30%
CrasH Talk Die Wit 'Em
30%
Setbacks Figg Get Da Money
30%
Habits & Contradictions Gangsta in Designer (No Concept)
30%
Habits & Contradictions My Homie
30%
Habits & Contradictions Nightmare on Figg St.
30%
Habits & Contradictions Raymond 1969
30%
Setbacks Rolling Stone
30%
Habits & Contradictions Sexting
30%
Oxymoron Yay Yay
30%
Setbacks Crazy
27%
Setbacks Fantasy
27%
Habits & Contradictions How We Feeling
27%
Setbacks I'm Good
27%
Creed II (Soundtrack) Kill 'Em witH Success
27%
Setbacks Phenomenon
27%
Habits & Contradictions Sacriligeous
27%
Setbacks Situations
27%
Setbacks To THa Beat (F'd Up)
27%
Setbacks WHat's THa Word
27%
Setbacks #BETIGOTSUMWEED
23%
Oxymoron Californication
23%
Gangsta & Soul Groovin
23%
New Single Soccer Dad
23%
Gangsta & Soul Bonita
20%
Gangsta & Soul Can't Wait
20%
Gangsta & Soul Evil
20%
Gangsta & Soul Ezell
20%
Oxymoron Gravy
20%
Gangsta & Soul Groupie Hoes
20%
Gangsta & Soul Hands in the Air
20%
ScHoolboy Turned Hustla Hip Hop
20%
Gangsta & Soul International Q
20%
Gangsta & Soul Just 2 Get By
20%
Gangsta & Soul Live Life
20%
ScHoolboy Turned Hustla Menace to Society
20%
Gangsta & Soul Schoolboy Intro
20%
Gangsta & Soul Take the Pain Away
20%
Gangsta & Soul Tick Tock
20%
ScHoolboy Turned Hustla Who Them N***as
20%
ScHoolboy Turned Hustla Dead Rappers
17%
Gangsta & Soul Feelin Myself
17%
ScHoolboy Turned Hustla F**k WitH Me
17%
ScHoolboy Turned Hustla Freeway
17%
ScHoolboy Turned Hustla Grab the Mic
17%
ScHoolboy Turned Hustla Listen to the ScHoolboy
17%
ScHoolboy Turned Hustla Murder Them
17%
Oxymoron Pusha Man
17%
ScHoolboy Turned Hustla Schoolboy Q Intro
17%
ScHoolboy Turned Hustla West Rydaz
17%
Gangsta & Soul CHeck 2-1-2
13%
ScHoolboy Turned Hustla Dope Sh*t
13%
ScHoolboy Turned Hustla Let Nobody Take
13%
ScHoolboy Turned Hustla Shame (She Dont Wanna Work)
13%
Gangsta & Soul Top Dawg Cypher
13%
ScHoolboy Turned Hustla Try Me
13%
ScHoolboy Turned Hustla Whateva You Like
13%
ScHoolboy Turned Hustla G.E.D
10%
Newer Single Hooty
10%
No matching quizzes found
Score Distribution
Percent of People with Each Score
Percentile by Number Answered
Your Score History
You have not taken this quiz since the last reset